| 000 | 00630nam a22001937a 4500 | ||
|---|---|---|---|
| 005 | 20251108165306.0 | ||
| 008 | 250721s1996 xx 000 0 ara d | ||
| 082 | 1 | 4 | _a956.504/إبر |
| 100 | 1 | _aإبراهيم، حسام منسي | |
| 245 | 1 | 0 |
_aبيعة السلام لجلالة الملك الحسين المعظم : _bبيعة السلام لجلالة صانع السلام / |
| 264 | 1 |
_aعمان : _b[د.ن]، _c1996. |
|
| 300 | _a706ص. | ||
| 650 | 1 | 7 | _aتاريخ الأردن |
| 650 | 1 | 7 | _aالحسين بن طلال |
| 650 | 1 | 7 | _aإسرائيل |
| 650 | 1 | 7 | _aمعاهدات |
| 942 |
_2ddc _cBK |
||
| 999 |
_c24327 _d24327 |
||